Statistiken für Bilder nach Buchstabe - D

Klicken Sie hier um das Quiz zu spielen!

Allgemein

  • Dieses Quiz wurde 7.409 mal gespielt
  • Das Durchschnittsergebnis liegt bei 11 aus 15

Antwortstatistiken

Antwort% Korrekt
Dänemark
99%
Disco
98%
Donut
97%
Dalmatiner
94%
Disney
93%
Düne
88%
Diskus
85%
Dubai
81%
Denker
71%
Dollar
69%
Delta
58%
Duomo
53%
David
50%
Dover
35%
Dickens
11%

Verteilung der Resultate

Perzentil nach korrekt beantworteten Fragen

Anzahl Personen mit jedem Resultat

Ihre Resultats-Entwicklung

Sie haben dieses Quiz noch nicht gespielt